Atlas bíblico. La Biblia en el espacio: Geografía.
Spremljeno u:
| Glavni autor: | |
|---|---|
| Format: | Nepoznato |
| Jezik: | engleski |
| Izdano: |
Navarra, España:
Verbo Divino (EVD),
2018.
|
| Izdanje: | 1a. edición. |
| Serija: | Coordenadas Bíblicas.
|
| Teme: | |
| Oznake: |
Dodaj oznaku
Bez oznaka, Budi prvi tko označuje ovaj zapis!
|
MARC
| LEADER | 00000 a2200000 4500 | ||
|---|---|---|---|
| 003 | CL-VaPUC | ||
| 005 | 20231123124612.0 | ||
| 008 | 231122t2018 ||||| |||| 00| 0 eng d | ||
| 999 | |c 442363 |d 442361 | ||
| 020 | |a 978-84-9073-335-6 | ||
| 040 | |c Pontificia Universidad Católica de Valparaíso | ||
| 082 | |2 22 |a 220.91 ALB 2018 | ||
| 100 | |a Albares, José Luis |9 595248 |e textos |e documentación | ||
| 245 | |a Atlas bíblico. |b La Biblia en el espacio: Geografía. | ||
| 250 | |a 1a. edición. | ||
| 260 | |a Navarra, España: |b Verbo Divino (EVD), |c 2018. | ||
| 300 | |a 35 páginas: |b ilustraciones. | ||
| 490 | |a Coordenadas Bíblicas. | ||
| 583 | |k Cristina María Rojas Aguilar |c 20231122 | ||
| 650 | 0 | |9 257603 |a Biblia |v Historia y geografía ilustrada |x Cristianismo | |
| 942 | |2 ddc |c BK | ||
| 952 | |0 0 |1 0 |2 ddc |4 0 |6 220_910000000000000_ALB_2018 |7 0 |8 A |9 592362 |a BIBTEO |b BIBTEO |c GEN |d 2023-11-09 |e 8 |g 8400.00 |i 5659395 |o 220.91 ALB 2018 |p 5659395 |r 2025-01-17 |t 1 |v 8400.00 |w 2023-11-09 |y BK |k ICR | ||